Images of organization (Record no. 14355)

MARC details
000 -LEADER
fixed length control field 00411nam a22001577a 4500
003 - CONTROL NUMBER IDENTIFIER
control field URS
005 - DATE AND TIME OF LATEST TRANSACTION
control field 20220114171632.0
008 - FIXED-LENGTH DATA ELEMENTS--GENERAL INFORMATION
fixed length control field 170324b xxu||||| |||| 00| 0 eng d
020 ## - INTERNATIONAL STANDARD BOOK NUMBER
International Standard Book Number 0803928300
050 ## - LIBRARY OF CONGRESS CALL NUMBER
Classification number HD31
Item number M628
100 ## - MAIN ENTRY--PERSONAL NAME
Personal name Morgan, Gareth
Relator code author
245 ## - TITLE STATEMENT
Title Images of organization
Statement of responsibility, etc. Gareth Morgan
260 ## - PUBLICATION, DISTRIBUTION, ETC.
Place of publication, distribution, etc. Newburry Park, London:
Name of publisher, distributor, etc. Sage,
Date of publication, distribution, etc. 1986
300 ## - PHYSICAL DESCRIPTION
Extent 421 pages;
Dimensions 23 cm.
942 ## - ADDED ENTRY ELEMENTS (KOHA)
Koha item type Foreign Books
Source of classification or shelving scheme Library of Congress Classification
Holdings
Withdrawn status Source of classification or shelving scheme Damaged status Not for loan Collection code Home library Current library Shelving location Date acquired Total Checkouts Full call number Barcode Date last seen Price effective from Koha item type
  Library of Congress Classification     Non-fiction Binangonan College Library Binangonan College Library Foreign Section 06/07/2023   HD31 M628 URSBIN-058 03/15/2016 03/15/2016 Foreign Books

University of Rizal System
Email us at univlibservices@urs.edu.ph

Visit our Website www.urs.edu.ph/library